000 00660nam a22001937a 4500
999 _c171066
_d171066
005 20200106110126.0
010 _aA-645028
020 _c100.00
_a-
035 _aA-645028
037 _bBPPD
082 _a820.9
100 _aمحمد حسن
245 _aہند ی ا د ب کی تا ر يخ
_cمحمد حسن
246 _aHindi Adab Ki Tareekh (Urdu)
_bby Mohd. Hassan
260 _aDelhi
_c1993 ء
_bEducational Publishing House
270 _bDelhi
_k-
_e110006
_a3108,Gali Azizuddin Wakil,Kucha Pandit ,Lal Kuan,
_l-
_m-
300 _a257+22 ص
_c22 cm(hb)
942 _2ddc
_cUR
_h820.19
_mم ح م